| 000 | 00913nam a22002417a 4500 | ||
|---|---|---|---|
| 003 | UA-OsUOA | ||
| 001 | 48823 | ||
| 007 | ta | ||
| 008 | 20130814b un ||||| |||| 00| 0 ukr d | ||
| 100 | _aСоловей Д. | ||
| 090 |
_a94(477).06 _bС60 |
||
| 942 | _cBR | ||
| 040 |
_aUA-OsUOA _bukr _cUA-OsUOA _dUA-OsUOA |
||
| 245 | _aУ справі оцінки Акту державного перевороту 29 квітня 1918 року (відбитка з чч. 20-21 " Вільної України" журналу Української Вільної Громади в Америці" | ||
| 300 | _a29 с. | ||
| 955 | _a4 | ||
| 041 | _aukr | ||
| 080 | _a94(477).06 | ||
| 260 |
_aДітройт _c1959 |
||
| 650 | 7 |
_a9 Географія. Біографії. Історія _2UDC |
|
| 999 |
_c428948 _d428948 |
||